Người đàn bà ấy Tiểu thuyết
v.v...
Đã lưu trong:
| Tác giả chính: | |
|---|---|
| Định dạng: | Sách |
| Năm xuất bản: |
H.
Nxb Hà Nội
1997
|
| Chủ đề: | |
| Tags: |
Thêm thẻ
Không có thẻ, Hãy là người đầu tiên gắn thẻ bản ghi này!
|
| LEADER | 00904nam a2200193 4500 | ||
|---|---|---|---|
| 082 | |a 843 |b K220I | ||
| 100 | |a Peisson, Edouard | ||
| 245 | |a Người đàn bà ấy |c Edouard Peisson; Phạm Văn Vịnh dịch |b Tiểu thuyết | ||
| 260 | |a H. |b Nxb Hà Nội |c 1997 | ||
| 300 | |a 171 tr. |c 19 cm. | ||
| 520 | |a v.v... | ||
| 653 | |a Văn học hiện đại | ||
| 653 | |a Pháp | ||
| 653 | |a Tiểu thuyết | ||
| 942 | |2 ddc |c STK0 | ||
| 999 | |c 3487 |d 3487 | ||
| 952 | |0 0 |1 0 |2 ddc |4 0 |6 843_000000000000000_P220I |7 1 |8 800 |9 36931 |a qbu |b qbu |c D5 |d 2014-12-16 |g 13000 |o 843 P220I |p 549.c1 |r 0000-00-00 |w 2014-12-16 |y STK0 | ||
| 952 | |0 0 |1 0 |2 ddc |4 0 |6 843_000000000000000_P220I |7 0 |8 800 |9 36932 |a qbu |b qbu |c D5 |d 2014-12-16 |g 13000 |l 1 |o 843 P220I |p 549.c2 |r 2015-08-19 |s 2015-08-18 |w 2014-12-16 |y STK0 | ||
| 952 | |0 0 |1 0 |2 ddc |4 0 |6 843_000000000000000_P220I |7 0 |8 800 |9 36933 |a qbu |b qbu |c D5 |d 2014-12-16 |g 13000 |o 843 P220I |p 549.c3 |r 0000-00-00 |w 2014-12-16 |y STK0 | ||